Vybrané aspekty pôsobenia cenných papierov na finančnom trhu

Bibliographic Details
Main Author: Miháliková, Anna (Author)
Format: Article
Language:Slovak
ISBN:8022322369
Subjects:

MARC

LEADER 00000nab a2200000 a 4500
001 vtls009093020
003 SK-MaSNL
005 20260304152403.0
008 250506|2006 xo ||||||||||||00 ||slo
015 |a SNBRA2007/09 
035 |a urn:nbn:sk:snk-ab8cr0 
035 |a (urnnbn)urn:nbn:sk:snk:ar-a083b2 
035 |a (uuid)833a4afb-970e-4a9d-9400-67560b2f7116 
038 |a SNKBUCL 
040 |a SNKBUCL  |b slo  |c SNKBUCL  |e AACR2 
041 0 |a slo  |b eng  |b ger 
044 |a xo  |c SK 
080 |a 347.73  |2 1997 
080 |a 336.76  |2 1997 
080 |a 336.763  |2 1997 
080 |a 347.457  |2 1997 
100 1 |a Miháliková, Anna  |4 aut  |9 5890 
245 1 0 |a Vybrané aspekty pôsobenia cenných papierov na finančnom trhu  |c Anna Miháliková 
504 |a Bibliogr. odkazy 
546 |a Res. angl., nem. 
650 0 7 |a finančné trhy  |2 snkbucl  |9 2275 
650 0 7 |a cenné papiere  |2 snkbucl  |9 2110 
773 0 |t Acta Facultatis iuridicae Universitatis Comenianae XXIV  |d Bratislava : Univerzita Komenského, 2006  |g S. 101-111  |z 8022322369 
850 |a Slovenská národná knižnica 
852 |a Slovenská národná knižnica 
954 |a odborná, vedecká literatúra pôvodná (slovenská)  |2 lita 
958 |a article9 
958 |a OND 
958 |a SK 
958 |a NB 
958 |a EUIPO 
999 |c 2948739  |d 2950669